| 000 | 00000nam 2200000zi 4500 |
| 001 | 9.882967 |
| 003 | CaOODSP |
| 005 | 20250902140203 |
| 006 | m o d f |
| 007 | cr cn||||||||| |
| 008 | 191216s2019 oncd o f000 0 fre d |
| 020 | |a9780660335513 |
| 040 | |aCaOODSP|bfre|erda|cCaOODSP |
| 043 | |an-cn---|ar------ |
| 086 | 1 |aR5-746/2019F-PDF |
| 245 | 00|aCadre stratégique du Canada pour l'Arctique et le nord. |
| 264 | 1|a[Ottawa] : |bGouvernement du Canada, |c[2019] |
| 300 | |a1 ressource en ligne (1 page non numérotée) : |bgraphiques |
| 336 | |atexte|btxt|2rdacontent/fre |
| 337 | |ainformatique|bc|2rdamedia/fre |
| 338 | |aressource en ligne|bcr|2rdacarrier/fre |
| 500 | |aTitre de départ. |
| 500 | |aPublié aussi en format HTML. |
| 500 | |aPublié par Relations Couronne-Autochtones et affaires du Nord Canada. |
| 500 | |aPublié aussi en anglais sous le titre : Canada’s Arctic and northern policy framework. |
| 520 | |a« Une vision commune de l'avenir, où les peuples de l'Arctique et du Nord sont prospères, forts et en sécurité » -- Page [1]. |
| 651 | 6|aCanada (Nord)|xPolitique gouvernementale. |
| 710 | 1 |aCanada. |bRelations Couronne-Autochtones et affaires du Nord Canada, |eorganisme de publication. |
| 775 | 08|tCanada's Arctic and northern policy framework.|w(CaOODSP)9.882966 |
| 775 | 08|t[Cadre stratégique pour l'Arctique et le Nord du Canada].|w(CaOODSP)9.882969 |
| 856 | 40|qPDF|s1.24 Mo|uhttps://publications.gc.ca/collections/collection_2020/rcaanc-cirnac/R5-746-2019-fra.pdf |
| 856 | 4 |qHTML|sS.O.|uhttps://www.rcaanc-cirnac.gc.ca/fra/1560523306861/1560523330587 |